Online Catalogue and eLibrary

Culture and rationality : (Record no. 277)

MARC details
000 -LEADER
fixed length control field 00785cam a2200229 a 4500
001 - CONTROL NUMBER
control field 2145088
005 - DATE AND TIME OF LATEST TRANSACTION
control field 20240202023633.0
008 - FIXED-LENGTH DATA ELEMENTS--GENERAL INFORMATION
fixed length control field 981124s1999 ii b 001 0 eng
020 ## - INTERNATIONAL STANDARD BOOK NUMBER
ISBN 8170367794 (India)
020 ## - INTERNATIONAL STANDARD BOOK NUMBER
ISBN 0761993142 (US)
040 ## - CATALOGING SOURCE (பட்டியலாக்க மூலம்)
Original cataloging agency DLC
Transcribing agency DLC
Modifying agency DLC
082 00 - DDC Classification
Class No. 306.
DDC Edition Number 21
Item Number - Author Mark SUB.
100 1# - MAIN ENTRY--PERSONAL NAME
Personal name Mitra, Subrata Kumar,
245 10 - TITLE STATEMENT
Title Culture and rationality :
Remainder of title the politics of social change in post-colonial India /
Statement of responsibility, etc. Subrata K. Mitra.
260 ## - PUBLICATION, DISTRIBUTION, ETC.
Place of publication, distribution, etc. New Delhi ;
-- Thousand Oaks, Calif. :
Name of publisher, distributor, etc. Sage Publications,
Date of publication, distribution, etc. 1999.
300 ## - PHYSICAL DESCRIPTION
Extent (e.g. Volumes, Pages etc.) 438 p. ;
650 #0 - SUBJECT ADDED ENTRY--TOPICAL TERM
Topical term or geographic name entry element Political participation
650 #0 - SUBJECT ADDED ENTRY--TOPICAL TERM
Topical term or geographic name entry element Social change
856 41 - ELECTRONIC LOCATION AND ACCESS
Uniform Resource Identifier <a href="http://www.loc.gov/catdir/enhancements/fy0657/98052039-t.html">http://www.loc.gov/catdir/enhancements/fy0657/98052039-t.html</a>
856 42 - ELECTRONIC LOCATION AND ACCESS
Uniform Resource Identifier <a href="http://www.loc.gov/catdir/enhancements/fy0660/98052039-d.html">http://www.loc.gov/catdir/enhancements/fy0660/98052039-d.html</a>
942 ## - Koha item type (Biblio)
Koha item type Books in Stacks (Lending)
Holdings
Lost status Damaged status Collection code Home library Current library Date acquired Full call number Accession Number Item type
    Lending WERC Library WERC Library 02/02/2024 306. SUB. 4174 Books in Stacks (Lending)

© WERC Library